| Tag |
First Indicator |
Second Indicator |
Subfields |
| LEADER |
00000cam a2200000 4500 |
| 001 |
in00000048160 |
| 005 |
20151007065553.0 |
| 008 |
720525s1961 mau b 00000 eng u |
| 010 |
|
|
|a 61005588
|
| 035 |
|
|
|a (OCoLC)00317846
|
| 035 |
|
|
|9 AAE2255AM
|
| 040 |
|
|
|c OSU
|d TXA
|d UtOrBLW
|
| 049 |
|
|
|a TXAM
|c [355169]
|
| 050 |
|
0 |
|a QD95
|b .A35 1961
|
| 092 |
|
|
|a 544.6
|b A287s, 1961
|
| 100 |
1 |
|
|a Ahrens, L. H.
|q (Louis Herman),
|d 1918-
|
| 245 |
1 |
0 |
|a Spectrochemical analysis ;
|b a treatise on the d-c arc analysis of geological and related materials /
|c by L. H. Ahrens and S. R. Taylor.
|
| 250 |
|
|
|a 2d ed.
|
| 264 |
|
1 |
|a Reading, Mass. :
|b Addison-Wesley Pub. Co.,
|c [1961]
|
| 300 |
|
|
|a 454 pages :
|b illustrations ;
|c 24 cm.
|
| 336 |
|
|
|a text
|b txt
|2 rdacontent
|
| 337 |
|
|
|a unmediated
|b n
|2 rdamedia
|
| 338 |
|
|
|a volume
|b nc
|2 rdacarrier
|
| 490 |
0 |
|
|a Addison-Wesley series in the earth sciences
|
| 504 |
|
|
|a Includes bibliography.
|
| 650 |
|
0 |
|a Spectrum analysis.
|
| 700 |
1 |
|
|a Taylor, Stuart Ross,
|d 1925-
|
| 999 |
|
|
|a MARS
|
| 999 |
f |
f |
|s 847748c4-c580-37e4-a86a-b798f3bcf3ac
|i c357df3c-a416-3964-a26e-47fee99fbc80
|t 0
|
| 952 |
f |
f |
|p normal
|a Texas A&M University
|b College Station
|c Sterling C. Evans Library
|d Evans: Library Stacks
|t 0
|e QD95 .A35 1961
|h Library of Congress classification
|i unmediated -- volume
|m A14800940231
|
| 998 |
f |
f |
|a QD95 .A35 1961
|t 0
|l Evans: Library Stacks
|